History Quiz

Random History or Country Quiz

Rulers of Transylvania Quiz Stats

 Plays Quiz not verified by Sporcle

Score 0/178 Timer 20:00
0 Plays Today
Type Ruler % Correct
VoivodeStephen I Báthory of Ecsed
81.7%
VoivodeStephen II Báthory of Somlyó
81.7%
VoivodeStephen III Báthory
81.7%
PrinceStephen III Báthory
81.7%
PrinceStephen Bethlen
81.7%
Voivode John Hunyadi
80%
GovernorStephen Wesselényi
79.2%
GovernorStephen Wesselényi
79.2%
VoivodeStephen son of Tekesh
78.3%
VoivodeStephen Dobó
78.3%
PrinceStephen Bocskai
78.3%
GovernorStephen Haller
78.3%
VoivodeJohn Zápolya
76.7%
PrinceJohn Kemény
76.7%
GovernorJohn Haller
76.7%
GovernorJohn Jósika
76.7%
Voivode John Tamási
75.8%
Voivode John Rozgonyi
75.8%
Voivode John Rozgonyi
75.8%
VoivodeJohn Szentgyörgyi
75.8%
GovernorJohn Kornis
75.8%
VoivodeStephen Majláth of Szunyogszeg
72.5%
VoivodeJohn
71.7%
VoivodeJohn Pongrác of Dengeleg
69.2%
VoivodeJohn Pongrác of Dengeleg
69.2%
VoivodeJohn Pongrác of Dengeleg
69.2%
PrinceFrancis II Rákóczi
68.3%
GovernorFrancis Paul Anthony Wallis
66.7%
VoivodeAndrew I Báthory of Ecsed
64.2%
VoivodeSigismund Báthory
64.2%
PrinceSigismund Báthory
64.2%
PrinceSigismund Báthory
64.2%
PrinceAndrew II Báthory
64.2%
PrinceSigismund Báthory
64.2%
PrinceSigismund Báthory
64.2%
PrinceJohn Sigismund Zápolya
63.3%
PrinceSigismund Rákóczi
63.3%
VoivodeJohn Sigismund Zápolya (also King)
62.5%
PrinceGeorge I Rákóczi
62.5%
PrinceGeorge II Rákóczi
62.5%
PrinceGeorge II Rákóczi
62.5%
PrinceGeorge II Rákóczi
62.5%
PrinceMichael I Apafi
62.5%
PrinceMichael II Apafi
62.5%
Voivode Michael Jakcs
58.3%
PrinceMichael the Brave
58.3%
PrinceFrancis Rhédey
57.5%
GovernorGeorge I Bánffy
57.5%
GovernorGeorge II Bánffy
57.5%
Voivode Michael Kacsics
56.7%
VoivodeGeorge Martinuzzi
56.7%
VoivodeSigismund Szentgyörgyi
55.8%
GovernorSigismund Kornis
55%
GovernorLadislaus Kemeny
55%
Voivode Paul son of Peter
54.2%
VoivodeLadislaus II Kán
54.2%
VoivodeLadislaus II Kán
54.2%
VoivodeLadislaus III Kán
54.2%
VoivodeLadislaus IV Kán
54.2%
Voivode Ladislaus Losonci
54.2%
Type Ruler % Correct
Voivode Ladislaus Losonci
54.2%
Voivode Ladislaus Csáki
54.2%
Voivode Ladislaus Jakcs
54.2%
VoivodeLadislaus Losonci
54.2%
VoivodeAndrew Lackfi
53.3%
VoivodeFrancis Kendi
52.5%
Voivode Julius I Kán
51.7%
Voivode Julius I Kán
51.7%
Voivode Julius I Rátót
50.8%
Voivode Andrew son of Serafin
50.8%
PrinceGabriel Báthory
50.8%
VoivodePeter Szentgyörgyi
50%
GovernorFerdinand Karl Joseph of Austria-Este
50%
Voivode Nicholas Lackfi
49.2%
Voivode Ladislaus Kanizsai
49.2%
VoivodePeter Geréb of Vingárt
49.2%
VoivodePeter Perényi
49.2%
PrinceGabriel Bethlen
48.3%
VoivodeNicholas Geregye
46.7%
VoivodeNicholas Geregye
46.7%
VoivodeNicholas Geregye
46.7%
VoivodeNicholas Geregye
46.7%
Voivode Nicholas I of Transylvania
45.8%
Voivode Nicholas II
45.8%
VoivodeNicholas Sirokay
45.8%
VoivodeNicholas Kont
45.8%
Voivode Nicholas Csáki
45.8%
Voivode Nicholas Marcali
45.8%
Voivode Nicholas Csáki
45.8%
Voivode Nicholas Újlaki
45.8%
Voivode Nicholas Kanizsai
45.8%
VoivodeNicholas Újlaki
45.8%
VoivodeNicholas Csupor of Monoszló
45.8%
VoivodeNicholas Meggyesi
45%
VoivodeNicholas Meggyesi
45%
VoivodeStephen Lackfi
43.3%
VoivodeChristopher Báthory
43.3%
PrinceEmeric Thököly
41.7%
GovernorJoseph Teleki
41.7%
Voivode Gyula II
40%
Voivode Gyula III
40%
Voivode James Lackfi of Szántó
40%
GovernorJoseph Auersperg
40%
GovernorEmeric Mikó
39.2%
GovernorEmeric Mikó
39.2%
GovernorKarl von Schwarzenberg
38.3%
Voivode Stephen Lackfi of Csáktornya
35.8%
Voivode Stephen Lackfi of Csáktornya
35.8%
GovernorFrances Wenceslaus Wallis
35.8%
Voivode Emeric Lackfi
35%
VoivodeMatthew II Csák
34.2%
VoivodeMatthew II Csák
34.2%
VoivodeMatthew II Csák
34.2%
VoivodeMatthew II Csák
34.2%
VoivodeThomas Szécsényi
33.3%
VoivodeThomas Csór
33.3%
VoivodeEmeric Balassa of Gyarmat
33.3%
Voivode Denis Lackfi
32.5%
Voivode Emeric Bebek
32.5%
Voivode Emeric II Bebek
32.5%
Type Ruler % Correct
VoivodeEmeric Czibak
32.5%
VoivodeUgrin Csák
30.8%
VoivodeUgrin Csák
30.8%
Voivode Simon Szécsényi
30.8%
Voivode Simon
30%
GovernorCarl O'Donnell
29.2%
Voivode Csák I Hahót
28.3%
Voivode Denis Türje
26.7%
Voivode Gelou
25%
VoivodeMojs Ákos
25%
PrinceGiorgio Basta
25%
PrinceGiorgio Basta
25%
PrinceGiorgio Basta
25%
PrinceGiorgio Basta
25%
Voivode Leustachius Rátót
24.2%
Voivode Ernye Ákos
24.2%
VoivodeRoland Borsa
24.2%
VoivodeRoland Borsa
24.2%
PrinceCatherine of Brandenburg
24.2%
Voivode Sebastian Rozgonyi
23.3%
PrinceÁkos Barcsay
22.5%
PrinceÁkos Barcsay
22.5%
GovernorSamuel von Brukenthal
22.5%
Voivode Benedict son of Korlát
21.7%
Voivode Benedict son of Korlát
21.7%
GovernorLudwig von Wohlgemuth
20.8%
GovernorLudwig Folliot de Crenneville
20.8%
Voivode Frank Szécsényi
20%
PrinceRadu Şerban
20%
GovernorFriedrich von Liechtenstein
20%
Voivode Eth Geregye
19.2%
PrinceMózes Székely
19.2%
GovernorAndrás Hadik
19.2%
Voivode Stibor of Stiboricz
18.3%
Voivode Stibor of Stiboricz
18.3%
Voivode Desiderius Losonci
18.3%
Voivode Pousa son of Sólyom
17.5%
Voivode Pousa son of Sólyom
17.5%
Voivode Lawrence
17.5%
Voivode Mercurius
15.8%
VoivodeApor Péc
15.8%
VoivodeBlaise Magyar
15.8%
Voivode Tuhutum
14.2%
Voivode Bertoldo de Merania
14.2%
VoivodeBertold Ellerbach
14.2%
VoivodeFinta Aba
13.3%
VoivodeDózsa Debreceni
13.3%
Voivode Peter Cseh of Léva
12.5%
VoivodeJerome Laski
12.5%
VoivodeIsabella Jagiellon (also Queen)
12.5%
GovernorAdolf Nikolaus von Buccow
12.5%
Voivode Raphael
11.7%
VoivodeBálint Török
10.8%
Voivode Legforus
10%
Voivode Smaragd
10%
Voivode Ipoch Bogátradvány
10%
Voivode Neuka
10%
VoivodeBartholomew Drágfi of Béltek
10%

You're not logged in!

Compare scores with friends on all Sporcle quizzes.
OR
Log In

Sporcle TV

Today on Sporcle TV


Watch our educational content, quiz creation guides, and fun videos on Sporcle TV.

Show Comments

Extras

Top Quizzes Today


Score Distribution

Your Account Isn't Verified!

In order to create a playlist on Sporcle, you need to verify the email address you used during registration. Go to your Sporcle Settings to finish the process.

Report this User

Report this user for behavior that violates our Community Guidelines.

Details: